Metafísica de Aristóteles

Gardado en:
Detalles Bibliográficos
Autor Principal: García Yebra, Valentín (Author)
Formato: Libro
Idioma:Lingua castelá
Publicado: Madrid Gredos 1990
Edición:2a. ed
Subjects:
Tags: Engadir etiqueta
Sen Etiquetas, Sexa o primeiro en etiquetar este rexistro!

MARC

LEADER 00000nam a2200000 a 4500
001 UCY0169
003 CL-VaPUC
008 940714e19900000SP |||||||||||||||||spa|d
082 0 4 |a 185  |b GAR  |2 21 
100 |a García Yebra, Valentín  |e author  |9 592146 
245 1 0 |a Metafísica de Aristóteles 
250 |a 2a. ed 
300 |a 830 p 
942 |c BK 
945 |d 19940714 00:00:00  |a aalvarez 
260 |a Madrid  |b Gredos  |c 1990 
600 0 |a Aristóteles,  |d 384 a.C.- 322 a.C.  |9 194 
650 0 |a Metafísica  |9 265649 
583 |a last modification  |c 19940714 00:00:00  |k Rodrigo Vera 
999 |c 229245  |d 229243